Normal view
MARC view
- Malik, Nawaf Mehmood
Entry Personal Name
001 - CONTROL NUMBER
- control field: 132991
003 - CONTROL NUMBER IDENTIFIER
- control field: NUST
005 - DATE AND TIME OF LATEST TRANSACTION
- control field: 20260130163543.0
008 - FIXED-LENGTH DATA ELEMENTS
- fixed length control field: 260130|| aca||aabn | a|a d
040 ## - CATALOGING SOURCE
- Original cataloging agency: NUST
- Transcribing agency: NUST
100 ## - HEADING--PERSONAL NAME
- Personal name: Malik, Nawaf Mehmood
670 ## - SOURCE DATA FOUND
- Source citation: Work cat.: (NUST): Malik, Nawaf Mehmood , Experimental Research on solar still technology, a promising solution for water purification in developing countries /
